Responses for Show #6906 - Monday, September 29, 2014

Catherine Hardee game 5.

Contestants

[<< previous game]

Elisa Korb, a professor from Bethlehem, Pennsylvania

Alan Lange, an actuary from Sarasota, Florida (whose 1-day cash winnings total $36,400)

Catherine Hardee, a hotel front desk clerk and recent college graduate from Kinston, North Carolina (whose 4-day cash winnings total $95,201)

[next game >>]

Jeopardy! Round responses

WHAT WOMEN WANT
STATE CAPITAL NICKNAMES
MIDDLE J
(Alex: The letter J will come up in the exact middle of each correct response.)
2014 BESTSELLERS
SONGS ON THE MOVIE'S SOUNDTRACK
THE CHICAGO BOARD OF TRADE
(Sarah: We explore some of the technique and mystique of this economic nerve center.)
    $200 1
Levis

Catherine
    $200 4
Austin

Elisa
    $200 15
a subject

Catherine
    $200 5
John Grisham

Catherine
    $200 20
The Little Mermaid

Elisa
    $200 26
a future

Alan
    $400 2
a crossword puzzle

Catherine
    $400 8
Denver

Elisa
    $400 16
to perjure

Alan
    $400 9
Hillary Clinton

Catherine
    $400 21
Animal House

Alan
    $400 27
George H.W. Bush

Catherine
    $600 3
a vacuum cleaner

Alan
    $600 12
Frankfort (Kentucky)

Catherine
    $600 17
a rajah

Catherine
    $600 10
John Waters

Elisa
    $600 22
The Lego Movie

Catherine
    $600 28
the Crimea

Elisa
    $800 6
SleepyTime

Catherine
    $2,000 13
Little Rock

Catherine
    $800 18
Major

Catherine
    $800 11
Philomena

Catherine
    $800 23
The Breakfast Club

Alan
    $800 29
(Elisa: What is Occupy Wall Street?)

the Tea Party

AlanElisa
    $1000 7
Pilates

Catherine
    $1000 14
Sacramento

Alan
    $1000 19
a Cajun

Alan
    $1000 25
Ruth Reichl

Triple Stumper
    $1000 24
Do the Right Thing

Elisa
    $1000 30
Ceres

Elisa

Scores at the first commercial break (after clue 15):

Catherine Alan Elisa
$6,600 $1,600 $1,200

Scores at the end of the Jeopardy! Round:

Catherine Alan Elisa
$9,000 $5,200 $3,200

Double Jeopardy! Round responses

HIPPO CAMPUS
PREMIUM CABLE
ALLITERATIVE WORD PAIRS
CANDLES
HISTORICAL HAIKU
"CAT" PEOPLE
    $400 22
horse

Catherine
    $400 1
The Sopranos

Elisa
    $400 11
a widow waitress

Elisa
    $400 6
Christmas

Catherine
    $400 12
Betsy Ross

Catherine
    $400 17
Catherine the Great

Elisa
    $800 23
sedentary

Elisa
    $800 2
Spartacus

Alan
    $800 24
(Elisa: [Laughs] Chubby cherubs? I'm sorry--what are chubby cherubs?)
...
(Alex: [*], yes. Their legs are sore because they rub together.)

chafing cherubs

CatherineElisa
    $800 7
a hurricane lamp

Elisa
    $800 13
(the Battle of) Gettysburg

Catherine
    $800 18
"Catfish" Hunter

Alan
    $1200 25
(Alex: With less than a minute to go, you are right again.)

Madagascar

Catherine
    $1200 3
Ray Donovan

Elisa
    $1200 8
paraffin

Catherine
    $4,000 14
(Joseph) Stalin

Catherine
    $1200 19
Kim Cattrall

Elisa
    $1600 26
(Catherine: What is Leviathan?)
...
(Alex: It's not Leviathan, it's [*]. Back to you, though, Catherine.)

Behemoth

Catherine
Triple Stumper
    $1600 4
Silicon Valley

Alan
    $1600 9
a unity candle

Elisa
    $1600 15
the XYZ Affair

Catherine
    $1600 20
Catullus

Catherine
    $5,000 27
(Catherine: What is Botswana?)

Zambia

Catherine
    $2000 5
Californication

Elisa
    $2000 28
[The end-of-round signal sounds.]

a spoiled spelunker

Catherine
    $2000 10
Yankee Candle

Alan
    $2000 16
Jane Grey

Catherine
    $2000 21
George Catlin

Elisa

Scores at the end of the Double Jeopardy! Round:

Catherine Alan Elisa
$18,800 $10,400 $13,200

[wagering suggestions for these scores]

Final Jeopardy! Round responses

AGATHA CHRISTIE
(Alex: Ohh, a great author.)
(Alex: [To Elisa] Yes, Murder on the Orient Express and Murder on the Nile. Lots of murders with Agatha Christie.)
AlanWhat is Poison?
$3,000
ElisaWhat is Murder?
$13,200
CatherineWhat is Poirot?
$7,601
"Murder"

Final scores:

Catherine Alan Elisa
$11,199 $7,400 $26,400
2nd place: $2,000 3rd place: $1,000 New champion: $26,400

Game dynamics:

Coryat scores:

Catherine Alan Elisa
$19,800 $10,400 $13,200
26 R
(including 2 DDs),
2 W
(including 1 DD)
12 R,
0 W
17 R,
2 W

Combined Coryat: $43,400

[game clues] [game scores] [suggest correction]

Game tape date: 2014-07-29
The J! Archive is created by fans, for fans. Scraping, republication, monetization, and malicious use prohibited; this site may use cookies and collect identifying information. See terms. The Jeopardy! game show and all elements thereof, including but not limited to copyright and trademark thereto, are the property of Jeopardy Productions, Inc. and are protected under law. This website is not affiliated with, sponsored by, or operated by Jeopardy Productions, Inc. Join the discussion at JBoard.tv.